000 00965nam a22002897a 4500
001 000459
003 DO-SdBNP
005 20171108130403.0
007 000459
008 160902b 2009 sp ||||| |||| 00| 0 spa d
020 _a9788403598164
040 _aBPMSU
_bspa
_cBPMSU
082 4 _a155.4
_bC348p
100 1 _aCastells Cuixart, Paulino
245 1 0 _aLos padres no se divorcian de sus hijos :
_bclaves para seguir con ellos tras la separación /
_cPaulino Castells.
260 _aTorrelaguna, Madrid :
_bAguilar,
_c2009.
300 _a203 p. ;
_b24 cm.
500 _aIncluye datos biográficos del autor en la solapa de la cubierta.
504 _aBibliografía : p. 131-203
650 4 _aHIJOS DE PADRES DIVORCIADOS
650 4 _aPSICOLOGÍA INFANTIL
650 4 _aDIVORCIO
910 _aValidado. Control de calidad MFF
942 _2ddc
_cBK
945 _a Inventariado extranjero / 2017 VM
956 _2LOPEREZ
_310
_620160902
_8BPMSU
_a00041
999 _c11274
_d11274